000 00804nam a2200241 a 4500
001 BRCA_449
005 20190320203021.0
008 171106c1986----sp-a---###---#000-0#spa-#
020 _a842067060X
050 4 _aN380
_b.P33 1986
100 1 _aPächt, Otto
_d1902-
_91538
245 1 0 _aHistoria del arte y metodología
_cOtto Pächt ; versión española de Francisco Corti.
260 _aMadrid
_bAlianza
_c1986
300 _a127 p.
_bil. (algunas a color)
_c23 cm.
440 0 _aAlianza forma
_v60
_91443
500 _aTraducción de: Metodisches zur Kunsthistorischen Praxis
504 _aBibliografía: p. [124]-127
650 1 4 _aArte
_xTeoría
_91539
650 1 4 _aArte
_xHistoriografía
_91540
650 1 4 _aApreciación artística
_vEnsayos
_91541
700 1 _aCorti, Francisco
_91542
942 _2lcc
_cB
999 _c384
_d384